000 00372nam a2200133Ia 4500
003 GCL
008 140319s9999 xx 000 0 ara d
040 _aGCL /
_cGCL
082 0 4 _a320.962
_bى د
245 1 0 _aدرس النكبة الثانية لماذا انهزمناوكيف ننتصر
260 _a[S.N] :
_bمكتبة وهبة ،
_c1987
300 _a146
490 _a
999 _c31573
_d31573